000 00660nam a2200241Ia 4500
003 OSt
005 20221005050304.0
006 a|||||r|||| 00| 0
007 ta
008 221004b |||||||| |||| 00| 0 mal d
024 _a58448
037 _cTextual
040 _aCRL
_cCRL
_bmal
041 _2mal
_amal
082 _aO32,6N19x, J8
100 _aAmma K.Saraswathi
_9594492
245 0 _aPurushanmarillatha loakam
260 _aKottayam
_bNational Book Stall India
_c1958
300 _a56p.
_ccm.
650 _aMALAYALAM LITERATURE
_938866
942 _hO32,6N19x, J8
_cTEXL
_2cc
999 _c956653
_d956653